Christopher Columbus answers all charges (Record no. 12462)
[ view plain ]
| 000 -LEADER | |
|---|---|
| fixed length control field | 00418 a2200145 4500 |
| 245 ## - TITLE STATEMENT | |
| Title | Christopher Columbus answers all charges |
| Medium | |
| 020 ## - INTERNATIONAL STANDARD BOOK NUMBER | |
| International Standard Book Number | 0889841500 : |
| 650 ## - SUBJECT ADDED ENTRY--TOPICAL TERM | |
| Topical term or geographic name entry element | History |
| 260 ## - PUBLICATION, DISTRIBUTION, ETC. | |
| Place of publication, distribution, etc. | onc |
| Name of publisher, distributor, etc. | Porcupine's Quill |
| Date of publication, distribution, etc. | c1993 |
| 084 ## - | |
| -- | PR8585U4388C47 |
| 300 ## - PHYSICAL DESCRIPTION | |
| Extent | 175 p. |
| Other physical details | 23 cm. |
| Dimensions | 175 p. ; 23 cm. |
| 500 ## - GENERAL NOTE | |
| General note | Yuri Rubinsky and Marc Giacomelli. |
No items available.